[Event "III Torneo A Inverno Vomero"]
[Site "Napoli ITA"]
[Date "2008.02.14"]
[Round "6"]
[White "Caiazzo, Diego"]
[Black "Gallo, Thomas Renato"]
[Result "0-1"]
[WhiteElo "2060"]
[BlackElo "1885"]
[PlyCount "132"]
[EventDate "2008.01.10"]

1. d4 Nf6 2. Nf3 g6 3. Nbd2 d5 4. e3 Bg7 5. Be2 O-O 6. O-O Nbd7 7. c3 c5 8. Re1
Qc7 9. Bf1 e6 10. e4 dxe4 11. Nxe4 cxd4 12. Nxd4 a6 13. Bg5 h6 14. Bh4 b5 15.
Nxf6+ Nxf6 16. Bg3 Qb6 17. Be5 Bb7 18. Qe2 Bd5 19. Rad1 Rac8 20. Nb3 Nd7 21.
Bxg7 Kxg7 22. Qe3 Qxe3 23. Rxe3 Nb6 24. Bd3 Rfd8 25. Re2 Rd6 26. Nc1 Rcd8 27.
Red2 Nc4 28. Bxc4 bxc4 29. b3 Rc6 30. b4 Rb8 31. a4 h5 32. f3 g5 33. Kf2 g4 34.
Ne2 gxf3 35. gxf3 Rcc8 36. Nf4 Bc6 37. Rg1+ Kh6 38. a5 Rd8 39. Rgd1 Rxd2+ 40.
Rxd2 Kg5 41. Ng2 Rb7 42. h4+ Kf5 43. Ne3+ Kf6 44. Nxc4 Rd7 45. Rxd7 Bxd7 46.
Ke3 Bc6 47. Nd6 Ke7 48. Ne4 f5 49. Nc5 Bb5 50. Kf4 Kf6 51. Ke3 Ke5 52. f4+ Kd5
53. Nb7 e5 54. fxe5 Kxe5 55. Nc5 f4+ 56. Kf3 Bc6+ 57. Kf2 Bb5 58. Nb3 Ke4 59.
Nd2+ Kd3 60. Nb1 Bc6 61. Ke1 f3 62. Na3 Kxc3 63. b5 axb5 64. a6 Kb2 65. Nxb5
Bxb5 66. a7 Bc6 0-1

[Event "III Torneo A Inverno Vomero"]
[Site "Napoli ITA"]
[Date "2008.02.14"]
[Round "6"]
[White "Capozzoli, Silvio"]
[Black "Valenzi, Marco"]
[Result "1-0"]
[WhiteElo "1984"]
[BlackElo "2028"]
[PlyCount "105"]
[EventDate "2008.01.10"]

1. e4 c5 2. c4 d6 3. Nc3 Nf6 4. d3 Nc6 5. f4 e6 6. Nf3 Be7 7. Be2 O-O 8. O-O
Nd7 9. g4 Nb6 10. Kh1 d5 11. cxd5 exd5 12. f5 dxe4 13. dxe4 f6 14. Bf4 Qxd1 15.
Rfxd1 a6 16. Bc7 Nd7 17. Nd5 Bd8 18. Bxd8 Rxd8 19. Nc7 Rb8 20. Rd6 Nde5 21.
Rxd8+ Nxd8 22. Nxe5 fxe5 23. Rd1 Nc6 24. Bc4+ Kf8 25. a4 Nd4 26. Kg2 Bd7 27. b3
Rc8 28. Nd5 Bc6 29. Nc3 Ke7 30. Kf2 b5 31. axb5 axb5 32. Bd5 Bxd5 33. Nxd5+ Kd6
34. g5 Ra8 35. f6 Ra2+ 36. Kg3 gxf6 37. Nxf6 Ke6 38. Nxh7 Ne2+ 39. Kf3 Nf4 40.
h4 Rb2 41. Kg4 Rxb3 42. h5 Rb2 43. Nf8+ Kf7 44. Nd7 Rg2+ 45. Kf5 Nxh5 46. Nxe5+
Ke7 47. Ng6+ Kf7 48. Rd7+ Ke8 49. Re7+ Kd8 50. Rh7 Ng3+ 51. Ke5 b4 52. Nf4 Rd2
53. g6 1-0

[Event "III Torneo A Inverno Vomero"]
[Site "Napoli ITA"]
[Date "2008.02.14"]
[Round "6"]
[White "Chiummo, Sergio"]
[Black "Di Giulio, Massimo"]
[Result "1/2-1/2"]
[WhiteElo "1926"]
[BlackElo "2011"]
[PlyCount "71"]
[EventDate "2008.01.10"]

1. c4 Nf6 2. Nc3 g6 3. g3 Bg7 4. Bg2 O-O 5. e4 e5 6. Nge2 Nc6 7. d3 d6 8. O-O
Bg4 9. h3 Be6 10. Be3 Qd7 11. Kh2 Ne8 12. Qd2 f5 13. f4 Nf6 14. Nd5 Ne7 15.
Nxe7+ Qxe7 16. fxe5 dxe5 17. exf5 Bxf5 18. Nc3 Rad8 19. Nd5 Nxd5 20. Bxd5+ Kh8
21. Bg5 Bf6 22. Bxf6+ Rxf6 23. Qe3 c6 24. Be4 Bxe4 25. Qxe4 Rdf8 26. Kg2 Qc5
27. Rxf6 Rxf6 28. Rf1 Rxf1 29. Kxf1 Kg7 30. Ke2 b5 31. cxb5 cxb5 32. Kf3 Kf6
33. Qh4+ Kg7 34. Qe4 Kf6 35. Qh4+ Kg7 36. Qe4 1/2-1/2

[Event "III Torneo A Inverno Vomero"]
[Site "Napoli ITA"]
[Date "2008.02.14"]
[Round "6"]
[White "Colucci, Stefano"]
[Black "Cosenza, Gianni"]
[Result "1-0"]
[WhiteElo "1973"]
[BlackElo "2018"]
[PlyCount "75"]
[EventDate "2008.01.10"]

1. e4 e6 2. d3 d5 3. Nd2 c5 4. Ngf3 Nc6 5. g3 Nf6 6. Bg2 Be7 7. O-O d4 8. e5
Nd5 9. Re1 b5 10. Ne4 h6 11. c4 bxc4 12. dxc4 Nb6 13. b3 Bb7 14. Ba3 Nb4 15.
Bxb4 cxb4 16. Nxd4 O-O 17. Nf6+ Bxf6 18. Bxb7 Rb8 19. Bg2 Bg5 20. f4 Be7 21.
Nc6 Bc5+ 22. Kh1 Qxd1 23. Raxd1 Rbc8 24. Re2 f6 25. Red2 fxe5 26. Nxe5 g5 27.
Bc6 Rb8 28. Bd7 Rf6 29. Ng4 Rg6 30. fxg5 hxg5 31. Re2 Nxd7 32. Rxd7 Re8 33. Re5
Rc8 34. Kg2 Bb6 35. Rb5 Kf8 36. Rxb4 Ke8 37. Rh7 Rg8 38. Nf6+ 1-0

[Event "III Torneo A Inverno Vomero"]
[Site "Napoli ITA"]
[Date "2008.02.14"]
[Round "6"]
[White "Improta, Giovanni"]
[Black "Schiappoli, Dario"]
[Result "0-1"]
[WhiteElo "1900"]
[BlackElo "1931"]
[PlyCount "102"]
[EventDate "2008.01.10"]

1. e4 c5 2. Nc3 Nc6 3. f4 g6 4. Nf3 Bg7 5. Bc4 d6 6. Ng5 e6 7. O-O a6 8. a4 Nf6
9. f5 gxf5 10. exf5 d5 11. Ba2 e5 12. d3 Qd6 13. Ne2 Bd7 14. c3 h6 15. Nh3
O-O-O 16. Bd2 Rde8 17. Rc1 Kb8 18. Rb1 Re7 19. b4 cxb4 20. cxb4 b5 21. axb5
axb5 22. Qb3 Bc8 23. Be3 d4 24. Bd2 Rd8 25. Ng3 Bb7 26. Nf2 Na7 27. Rbc1 Rc8
28. Rxc8+ Nxc8 29. Rc1 Rc7 30. Rxc7 Qxc7 31. Qxf7 Qc6 32. Nge4 Nxe4 33. Nxe4
Qc2 34. Bd5 Nd6 35. Be1 Qxd3 36. Nc5 Nxf7 37. Nxd3 Bxd5 38. Nc5 Kc7 39. h4 Bf8
40. Nd3 Bc4 41. Nf2 Nd6 42. g4 e4 43. Nd1 Kc6 44. f6 Kd5 45. Bg3 Nf7 46. Bf4
Ke6 47. g5 hxg5 48. hxg5 Kf5 49. Nf2 Kxf4 50. g6 Bxb4 51. g7 Nh6 0-1

[Event "III Torneo A Inverno Vomero"]
[Site "Napoli ITA"]
[Date "2008.02.14"]
[Round "6"]
[White "Lombardi, Ottavio"]
[Black "Nardiello, Luigi"]
[Result "0-1"]
[WhiteElo "1759"]
[BlackElo "1977"]
[PlyCount "60"]
[EventDate "2008.01.10"]

1. d4 d5 2. c4 c6 3. Nf3 Nf6 4. Nc3 e6 5. e3 Nbd7 6. Bd3 dxc4 7. Bxc4 Be7 8.
O-O O-O 9. e4 h6 10. e5 Nd5 11. Re1 f5 12. exf6 N7xf6 13. Ne4 Nxe4 14. Rxe4 Bd6
15. Rg4 Qf6 16. Bd3 Ne7 17. Qe2 Bd7 18. Ne5 Be8 19. Rf4 Nf5 20. g4 Nxd4 21. Qe4
Nf5 22. gxf5 Bxe5 23. fxe6 Qg5+ 24. Rg4 Bxh2+ 25. Kh1 Bg6 26. Qxg6 Qd5+ 27. Qe4
Qxe4+ 28. Bxe4 Rxf2 29. Bxh6 Be5 30. Rag1 Rh2# 0-1

[Event "III Torneo A Inverno Vomero"]
[Site "Napoli ITA"]
[Date "2008.02.14"]
[Round "6"]
[White "Pinto, Gaetano"]
[Black "Della Corte, Alessandro"]
[Result "0-1"]
[WhiteElo "2061"]
[BlackElo "2248"]
[PlyCount "68"]
[EventDate "2008.01.10"]

1. d4 d6 2. Nf3 g6 3. c3 Bg7 4. Bf4 Nd7 5. e3 e5 6. dxe5 dxe5 7. Bg5 Ngf6 8.
Nbd2 O-O 9. Be2 h6 10. Bh4 Qe7 11. e4 b6 12. O-O Bb7 13. Qc2 g5 14. Bg3 Nh5 15.
Rfe1 Nf4 16. Bf1 Ng6 17. Nc4 g4 18. Nfd2 Qg5 19. f3 h5 20. fxg4 hxg4 21. Ne3
Rad8 22. Nf5 Nc5 23. Nxg7 Rxd2 24. Qc1 Kxg7 25. Bf2 Qd8 26. Be3 Rd6 27. Bh6+
Kg8 28. Bxf8 Kxf8 29. Qh6+ Kg8 30. Bc4 Nf4 31. Bxf7+ Kxf7 32. Qh7+ Ke8 33. Qh8+
Kd7 34. Qxe5 Qf6 0-1

[Event "III Torneo A Inverno Vomero"]
[Site "Napoli ITA"]
[Date "2008.02.14"]
[Round "6"]
[White "Radice, Mario"]
[Black "Della Ragione, Achille"]
[Result "0-1"]
[WhiteElo "1951"]
[BlackElo "1996"]
[PlyCount "144"]
[EventDate "2008.01.10"]

1. e4 d5 2. exd5 Nf6 3. c4 c6 4. d4 cxd5 5. Nc3 e6 6. Nf3 Be7 7. cxd5 Nxd5 8.
Bd3 O-O 9. a3 b6 10. Qc2 h6 11. O-O Bb7 12. Ne5 Nd7 13. Bb5 Nxe5 14. dxe5 Nxc3
15. Qxc3 Qd5 16. Qf3 Qxf3 17. gxf3 Bxf3 18. Be3 Rfd8 19. Rac1 Rac8 20. Ba6 Rxc1
21. Rxc1 Rd1+ 22. Rxd1 Bxd1 23. Bb7 Bc2 24. Kf1 Kh7 25. Ke2 Kg6 26. Kd2 Bf5 27.
Bc6 Kh5 28. Be8 Bg6 29. Kc3 f6 30. Bd7 Bf5 31. Bd4 Kg4 32. a4 Kf4 33. a5 bxa5
34. Bxa7 Kxe5 35. Bb6 Bb4+ 36. Kc4 Kd6 37. Be8 Be4 38. Kb5 Be1 39. Bxa5 Bxf2
40. Bb4+ Kc7 41. Bf8 g5 42. Bxh6 Bd4 43. b4 Bd3+ 44. Ka5 Be5 45. Bg7 Kd8 46.
Bc6 Ke7 47. b5 Bxh2 48. b6 Kf7 49. Bh6 Bd6 50. b7 Bc7+ 51. Kb4 Ke7 52. Kc5 Bg6
53. Bg7 e5 54. Bd5 Be8 55. Bh6 Bd7 56. Be4 Bb8 57. Kb6 g4 58. Be3 f5 59. Bd5 f4
60. Bc5+ Kf6 61. Bf8 f3 62. Bc5 Kf5 63. Be7 e4 64. Bd8 e3 65. Bc7 e2 66. Bxb8
e1=Q 67. Ba7 Qe3+ 68. Ka6 Qd3+ 69. Kb6 Qxd5 70. b8=Q Qb5+ 71. Kc7 Qxb8+ 72.
Kxb8 g3 0-1

[Event "III Torneo B Inverno Vomero"]
[Site "Napoli ITA"]
[Date "2008.01.24"]
[Round "3"]
[White "Borrelli, Salvatore"]
[Black "Esposito, Rosario"]
[Result "1/2-1/2"]
[WhiteElo "1713"]
[BlackElo "1880"]
[PlyCount "89"]
[EventDate "2008.01.10"]

1. d4 Nf6 2. Nf3 g6 3. c4 Bg7 4. Nc3 d5 5. Bg5 Ne4 6. cxd5 Nxg5 7. Nxg5 e6 8.
Nf3 exd5 9. e3 O-O 10. Be2 c5 11. O-O cxd4 12. Nxd4 Nc6 13. Nxc6 bxc6 14. Rb1
Bf5 15. Bd3 Bxd3 16. Qxd3 Rb8 17. Na4 Qa5 18. b3 Rfc8 19. Rbc1 Bf8 20. e4 dxe4
21. Qxe4 c5 22. Rfd1 Re8 23. Qf3 c4 24. Qc3 Qxc3 25. Rxc3 cxb3 26. Rxb3 Rxb3
27. axb3 Bb4 28. g3 Re1+ 29. Rxe1 Bxe1 30. Kf1 Bb4 31. Ke2 f5 32. Kd3 Kf7 33.
Kc4 Be1 34. f3 h5 35. Nc3 Bf2 36. Nb5 Bg1 37. h3 g5 38. g4 fxg4 39. fxg4 hxg4
40. hxg4 Ke6 41. Nd4+ Kd6 42. Nf3 Be3 43. Kd3 Bf4 44. Ke4 Kc5 45. Ne1 1/2-1/2

[Event "III Torneo B Inverno Vomero"]
[Site "Napoli ITA"]
[Date "2008.01.31"]
[Round "4"]
[White "Esposito, Rosario"]
[Black "Somma, Erminio"]
[Result "1-0"]
[WhiteElo "1880"]
[BlackElo "1523"]
[PlyCount "85"]
[EventDate "2008.01.10"]

1. d4 f5 2. Nf3 Nf6 3. g3 g6 4. Bg2 Bg7 5. c4 d6 6. Nc3 O-O 7. O-O Qe8 8. d5 e5
9. dxe6 Bxe6 10. Qb3 b6 11. Ng5 c6 12. Bf4 Qe7 13. Nxe6 Qxe6 14. Bxd6 Rd8 15.
Bf4 Nbd7 16. Rad1 Nc5 17. Qc2 Nfe4 18. Nxe4 Nxe4 19. Bxe4 fxe4 20. b3 c5 21.
Rxd8+ Rxd8 22. Rd1 Rxd1+ 23. Qxd1 Qe7 24. Qd5+ Qf7 25. Qxf7+ Kxf7 26. Bb8 a6
27. a4 Ke6 28. Bc7 Bf8 29. Bxb6 Ke5 30. Ba5 Kd4 31. Kf1 h5 32. Bd2 Be7 33. h4
Bd6 34. Kg2 Ke5 35. Kf1 Kf5 36. Ke1 Be5 37. Be3 Bc3+ 38. Kd1 Bb4 39. Bd2 Ke5
40. Bxb4 cxb4 41. Kd2 Kd4 42. a5 Kc5 43. Ke3 1-0

[Event "III Torneo B Inverno Vomero"]
[Site "Napoli ITA"]
[Date "2008.02.07"]
[Round "5"]
[White "Esposito, Rosario"]
[Black "Solombrino, Giovanni"]
[Result "1/2-1/2"]
[WhiteElo "1880"]
[BlackElo "1524"]
[PlyCount "43"]
[EventDate "2008.01.10"]

1. d4 Nf6 2. c4 g6 3. Nc3 d5 4. Bf4 Bg7 5. e3 O-O 6. cxd5 Nxd5 7. Nxd5 Qxd5 8.
Bxc7 Na6 9. Bg3 Bf5 10. a3 Rac8 11. Nf3 Rc2 12. Bd3 Bxd3 13. Qxd3 Qa5+ 14. Kf1
Rfc8 15. Rd1 Rxb2 16. Kg1 Qc3 17. Qxc3 Rxc3 18. h3 Rxa3 19. Rc1 f6 20. Kh2 Nb4
21. Rc7 Nd3 22. Rxe7 1/2-1/2

[Event "III Torneo B Inverno Vomero"]
[Site "Napoli ITA"]
[Date "2008.02.14"]
[Round "6"]
[White "Parente, Giuseppe"]
[Black "Esposito, Rosario"]
[Result "1-0"]
[WhiteElo "1676"]
[BlackElo "1880"]
[PlyCount "93"]
[EventDate "2008.01.10"]

1. Nf3 Nf6 2. c4 g6 3. g3 c5 4. Bg2 Bg7 5. O-O O-O 6. d4 cxd4 7. Nxd4 Nc6 8. e4
Ne5 9. Na3 d6 10. Be3 Neg4 11. Nac2 Nxe3 12. Nxe3 Qb6 13. Nb3 Be6 14. Rb1 Rac8
15. Nd2 Qa6 16. Qb3 Nd7 17. Nd5 Rfe8 18. a3 Nc5 19. Qa2 Nd3 20. b3 Bxd5 21.
exd5 Qb6 22. Nf3 Nc5 23. Qe2 Qd8 24. Rfd1 Rb8 25. h4 a6 26. Qc2 b5 27. Bf1 b4
28. a4 a5 29. h5 Rf8 30. Nd4 Bxd4 31. Rxd4 Qd7 32. Rf4 g5 33. Rf5 h6 34. Bh3
Qe8 35. g4 f6 36. Bf1 Nd7 37. Rf3 Ne5 38. Rg3 Qd7 39. Be2 Kh8 40. Bd3 Nxg4 41.
Bf5 Qa7 42. Rxg4 e6 43. Bxe6 f5 44. Qb2+ Qg7 45. Qxg7+ Kxg7 46. Rg2 f4 47. f3
1-0

[Event "Open 30 Anni"]
[Site "Omegna ITA"]
[Date "2008.01.12"]
[Round "2"]
[White "Zannoni, Gianni"]
[Black "Sorcinelli, Francesco"]
[Result "1-0"]
[WhiteElo "1874"]
[BlackElo "2119"]
[PlyCount "99"]
[EventDate "2008.01.11"]

1. Nf3 d6 2. d4 Nf6 3. Nbd2 g6 4. e4 Bg7 5. c3 O-O 6. Bd3 Nbd7 7. O-O e5 8. Re1
Qe8 9. Qc2 Nh5 10. Nf1 Nb8 11. Ng3 Nxg3 12. hxg3 Nc6 13. Be3 f5 14. dxe5 dxe5
15. exf5 gxf5 16. Rad1 Kh8 17. Bb5 a6 18. Qa4 Bd7 19. Bxc6 Bxc6 20. Qh4 Qg6 21.
Qg5 Qf7 22. Bc5 Rg8 23. Qe7 Qxe7 24. Bxe7 Rae8 25. Bh4 Rgf8 26. Nd2 b5 27. b3
e4 28. Nb1 a5 29. c4 bxc4 30. bxc4 Rb8 31. Re2 Ba4 32. Rc1 c5 33. Nc3 Bd7 34.
Be7 Rfc8 35. Nd5 Rc6 36. Bg5 Bd4 37. Be3 Be6 38. f3 Rd8 39. fxe4 fxe4 40. Nf4
Bg4 41. Bxd4+ cxd4 42. Rxe4 d3 43. Nxd3 Bf5 44. Ne5 Bxe4 45. Nf7+ Kg7 46. Nxd8
Rd6 47. Re1 Ba8 48. Ne6+ Kf6 49. Nc7 Bb7 50. Ne8+ 1-0

[Event "Open 30 Anni"]
[Site "Omegna ITA"]
[Date "2008.01.13"]
[Round "5"]
[White "Marinone, Lucio"]
[Black "Mrdja, Milan"]
[Result "0-1"]
[WhiteElo "2000"]
[BlackElo "2370"]
[PlyCount "80"]
[EventDate "2008.01.11"]

1. d4 g6 2. c4 Bg7 3. Nc3 c5 4. d5 Bxc3+ 5. bxc3 f5 6. Nf3 Nf6 7. Qc2 d6 8. Nd2
Qa5 9. f3 Nbd7 10. e4 Nb6 11. Rb1 Bd7 12. Rb3 fxe4 13. Ra3 Ba4 14. Nxe4 Bxc2
15. Nxf6+ exf6 16. Rxa5 a6 17. Bf4 Ke7 18. Kd2 g5 19. Bxd6+ Kxd6 20. Kxc2 Nd7
21. Bd3 b6 22. Ra3 Ne5 23. Rb1 b5 24. cxb5 axb5 25. Rxa8 Rxa8 26. Bxb5 Rxa2+
27. Rb2 Ra3 28. c4 Nd3 29. Rb3 Ne1+ 30. Kb2 Rxb3+ 31. Kxb3 Nxg2 32. Be8 Nf4 33.
Bf7 h5 34. Ka4 f5 35. Be6 Nxe6 36. dxe6 g4 37. fxg4 fxg4 38. Kb5 h4 39. e7 Kxe7
40. Kxc5 g3 0-1

[Event "C.to Provinciale PD-RO"]
[Site "Monselice ITA"]
[Date "2008.01.11"]
[Round "1"]
[White "Belloni, Umberto"]
[Black "Meggiorin, Orlando"]
[Result "1/2-1/2"]
[WhiteElo "1912"]
[BlackElo "1511"]
[PlyCount "90"]
[EventDate "2008.01.11"]

1. d4 Nf6 2. c3 d5 3. Bg5 e6 4. e3 Be7 5. Bd3 Nbd7 6. Nd2 h6 7. Bh4 a6 8. f4 b5
9. b4 Nb6 10. Bxf6 Bxf6 11. Ngf3 Nc4 12. Nxc4 bxc4 13. Bc2 Bd7 14. O-O a5 15.
a3 c6 16. Qd2 Qc7 17. Ne5 Bxe5 18. fxe5 axb4 19. axb4 Rxa1 20. Rxa1 O-O 21. e4
Qb7 22. exd5 cxd5 23. Qd1 Ra8 24. Qb1 Ra7 25. Ra2 Qa8 26. Rxa7 Qxa7 27. Qb2 Bb5
28. Kf1 Kf8 29. Bb1 Kg8 30. Qa2 Qxa2 31. Bxa2 Ba4 32. Bb1 Kf8 33. g3 Ke7 34.
Kg2 Kf8 35. Kf3 Ke7 36. h4 Kf8 37. g4 Ke8 38. g5 hxg5 39. hxg5 g6 40. Ke3 Ke7
41. Kd2 Kd7 42. Bc2 Bb5 43. Kc1 Kc7 44. Kb2 Kb6 45. Ka3 Kc6 1/2-1/2

[Event "C.to Provinciale PD-RO"]
[Site "Monselice ITA"]
[Date "2008.01.11"]
[Round "1"]
[White "Calicchia, Giovanni"]
[Black "Quaranta, Cristiano"]
[Result "0-1"]
[WhiteElo "1790"]
[BlackElo "2088"]
[PlyCount "100"]
[EventDate "2008.01.11"]

1. e4 e6 2. d4 d5 3. Nc3 Nc6 4. Bb5 Nge7 5. Nf3 a6 6. Be2 dxe4 7. Nxe4 Nf5 8.
c3 Be7 9. O-O O-O 10. Qc2 Nh4 11. Re1 Ng6 12. Be3 b6 13. Rad1 f5 14. Neg5 f4
15. Nxh7 Kxh7 16. Bd3 Qe8 17. Bc1 Kh6 18. Be4 Bb7 19. Bxc6 Qxc6 20. d5 exd5 21.
Nd4 Qd7 22. Re6 Rf6 23. Rde1 Rxe6 24. Nxe6 Re8 25. Qf5 Bc8 26. Qh3+ Bh4 27.
Bxf4+ Kh7 28. Ng5+ Kg8 29. Re3 Rxe3 30. Qxe3 Nxf4 31. Qxf4 Bxg5 32. Qxg5 c5 33.
h4 d4 34. cxd4 cxd4 35. h5 d3 36. Qd2 a5 37. h6 Bb7 38. hxg7 Qxg7 39. g3 Qg6
40. Qf4 Qe4 41. Qxe4 Bxe4 42. Kf1 Kf7 43. Ke1 Ke6 44. Kd2 Kd5 45. Ke3 b5 46. f3
Bh7 47. f4 Kc4 48. g4 a4 49. f5 a3 50. f6 Bg6 0-1

[Event "C.to Provinciale PD-RO"]
[Site "Monselice ITA"]
[Date "2008.01.11"]
[Round "1"]
[White "Chinello, Gianmarco"]
[Black "Rosina, Graziano"]
[Result "1-0"]
[WhiteElo "2044"]
[BlackElo "1776"]
[PlyCount "49"]
[EventDate "2008.01.11"]

1. e4 e5 2. Nf3 Nf6 3. Nc3 Nc6 4. Bc4 Nxe4 5. Bxf7+ Kxf7 6. Nxe4 d5 7. Neg5+
Kg8 8. d4 e4 9. Ne5 Nxe5 10. dxe5 h6 11. Nxe4 Be6 12. Ng3 Qh4 13. c3 Bc5 14.
O-O Rf8 15. Qd3 Kf7 16. Be3 Bxe3 17. Qxe3 b6 18. f4 g6 19. Ne2 Ke7 20. Nd4 Kd7
21. Qd3 Re8 22. Qb5+ Kc8 23. Nxe6 Rxe6 24. Qxd5 Rhe8 25. Qa8+ 1-0

[Event "C.to Provinciale PD-RO"]
[Site "Monselice ITA"]
[Date "2008.01.11"]
[Round "1"]
[White "Corvino, Giuseppe"]
[Black "Bagolin, Renzo"]
[Result "0-1"]
[WhiteElo "1506"]
[BlackElo "1866"]
[PlyCount "88"]
[EventDate "2008.01.11"]

1. d4 f5 2. Nf3 Nf6 3. c4 e6 4. Nc3 Be7 5. e3 d6 6. Qc2 Nc6 7. a3 O-O 8. Bd3
Qe8 9. d5 Ne5 10. Nxe5 dxe5 11. dxe6 e4 12. Be2 Bxe6 13. Bd2 Qc6 14. Nb5 a6 15.
Nd4 Qd7 16. c5 Bd5 17. h3 c6 18. Rg1 b6 19. cxb6 c5 20. b7 Rab8 21. Nb3 Qa4 22.
Bd1 Rxb7 23. Nxc5 Qxc2 24. Bxc2 Bxc5 25. b4 Be7 26. f3 Rc7 27. Rc1 Rfc8 28.
fxe4 Nxe4 29. Bxe4 Rxc1+ 30. Kf2 Bxe4 31. Bxc1 Rc2+ 32. Kg3 Kf7 33. Kh2 Ke6 34.
b5 axb5 35. Kg3 Bf6 36. h4 Bb2 37. Bxb2 Rxb2 38. h5 h6 39. Kf4 Rxg2 40. Rxg2
Bxg2 41. Kg3 Be4 42. Kf2 Kd5 43. Ke1 Bf3 44. Kd2 Ke4 0-1

[Event "C.to Provinciale PD-RO"]
[Site "Monselice ITA"]
[Date "2008.01.11"]
[Round "1"]
[White "Ferrari, Mario"]
[Black "Alfier, Cecilia"]
[Result "1-0"]
[WhiteElo "1842"]
[BlackElo "1263"]
[PlyCount "43"]
[EventDate "2008.01.11"]

1. e4 e6 2. d4 d5 3. e5 Nc6 4. Nf3 f6 5. Bd3 fxe5 6. Nxe5 Nxe5 7. dxe5 d4 8.
Qh5+ g6 9. Bxg6+ hxg6 10. Qxh8 Ne7 11. Bh6 Kf7 12. Qf6+ Kg8 13. Bg5 Qd5 14. Nd2
Bd7 15. h4 Qxg2 16. O-O-O Qc6 17. Kb1 Be8 18. h5 Nd5 19. Qf3 Bb4 20. hxg6 Bxd2
21. Rh8+ Kxh8 22. Qf8# 1-0

[Event "C.to Provinciale PD-RO"]
[Site "Monselice ITA"]
[Date "2008.01.11"]
[Round "1"]
[White "Franco, Alessandro"]
[Black "Sinato, Fabrizio"]
[Result "0-1"]
[WhiteElo "1679"]
[BlackElo "1854"]
[PlyCount "134"]
[EventDate "2008.01.11"]

1. d4 d5 2. c4 e6 3. Nc3 Nf6 4. Bg5 Nbd7 5. Nf3 Be7 6. g3 O-O 7. Bg2 c6 8. c5
Re8 9. b4 h6 10. Bd2 Ne4 11. O-O Bf6 12. Qc1 e5 13. e3 Qc7 14. Rb1 a6 15. Rd1
Nxc3 16. Bxc3 e4 17. Nd2 Bg5 18. Qa3 h5 19. b5 Nf6 20. bxc6 bxc6 21. Rb6 h4 22.
Qa4 hxg3 23. hxg3 Bxe3 24. fxe3 Qxg3 25. Nf1 Qh4 26. Qxc6 Bg4 27. Be1 Qg5 28.
Rd2 Bf3 29. Qd6 Ng4 30. Qg3 Qh5 31. c6 Re6 32. Qh3 Qf5 33. Rdb2 Rh6 34. Rb8+
Rxb8 35. Rxb8+ Kh7 36. Qxh6+ Nxh6 37. c7 Qg4 38. Bg3 Nf5 39. c8=Q Bxg2 40. Kxg2
Qf3+ 41. Kg1 Kg6 42. Qxa6+ f6 43. Qc6 Nxg3 44. Nxg3 Qxg3+ 45. Kh1 Qh3+ 46. Kg1
Qxe3+ 47. Kg2 Qf3+ 48. Kh2 Qf4+ 49. Kh3 Qxb8 50. Qxd5 Qb1 51. Kg4 Qg1+ 52. Kf4
Qf2+ 53. Kg4 Qf3+ 54. Kh4 Qh1+ 55. Kg4 Qg2+ 56. Kh4 Qf2+ 57. Kg4 f5+ 58. Kh3
Qf3+ 59. Kh2 Kg5 60. a4 Qe2+ 61. Kg3 Qd3+ 62. Kf2 Qc2+ 63. Kg3 Qc3+ 64. Kg2
Qb2+ 65. Kg3 Qa3+ 66. Kg2 Qxa4 67. Qd6 Kg4 0-1

[Event "C.to Provinciale PD-RO"]
[Site "Monselice ITA"]
[Date "2008.01.11"]
[Round "1"]
[White "Liberi, Michele"]
[Black "Zanirato, Stefano"]
[Result "1-0"]
[WhiteElo "1593"]
[BlackElo "1943"]
[PlyCount "57"]
[EventDate "2008.01.11"]

1. d4 Nf6 2. c4 e5 3. dxe5 Ng4 4. Nf3 Nc6 5. Bf4 Bb4+ 6. Nc3 Qe7 7. Qd5 f6 8.
exf6 Nxf6 9. Qd3 O-O 10. Bd2 d6 11. Nd5 Bxd2+ 12. Qxd2 Nxd5 13. cxd5 Ne5 14.
Nxe5 Qxe5 15. Rc1 Rf7 16. f3 Bf5 17. e4 Re8 18. Bb5 c6 19. Be2 Bd7 20. dxc6
bxc6 21. O-O d5 22. Rfe1 dxe4 23. Bc4 Be6 24. Rxe4 Qf6 25. Rce1 Rfe7 26. Qd6
Bxc4 27. Qxf6 Rxe4 28. Rxe4 Rxe4 29. Qd8+ 1-0

[Event "C.to Provinciale PD-RO"]
[Site "Monselice ITA"]
[Date "2008.01.12"]
[Round "2"]
[White "Bagolin, Renzo"]
[Black "Ferrari, Mario"]
[Result "1-0"]
[WhiteElo "1866"]
[BlackElo "1842"]
[PlyCount "119"]
[EventDate "2008.01.11"]

1. c4 e5 2. Nc3 f5 3. d3 Nf6 4. Nf3 Nc6 5. g3 Bc5 6. Bg2 d6 7. a3 a5 8. O-O O-O
9. Na4 Ba7 10. Bd2 Qe8 11. b4 Bd4 12. Nxd4 Nxd4 13. e3 Ne6 14. b5 e4 15. Bc3
Ng5 16. h4 Nf3+ 17. Bxf3 exf3 18. Qxf3 Ng4 19. Qf4 b6 20. d4 Bd7 21. d5 Qe7 22.
Nb2 Rae8 23. Rae1 Qf7 24. f3 Ne5 25. Kg2 h6 26. Qd4 Qg6 27. h5 Qf7 28. Rh1 Re7
29. Rh4 Qf6 30. Nd1 Rfe8 31. Nf2 Qf8 32. Rf4 Rf7 33. e4 Rf6 34. exf5 Bxf5 35.
g4 Bh7 36. Rxf6 Qxf6 37. f4 Rf8 38. Kg3 Nd7 39. Re6 Qxd4 40. Bxd4 Bc2 41. Ne4
Bb3 42. Nd2 Bc2 43. Re7 Rf7 44. Re8+ Rf8 45. Re6 Nf6 46. Bxf6 Rxf6 47. Rxf6
gxf6 48. Kh4 Kg7 49. g5 Bd3 50. g6 f5 51. Nf3 Bxc4 52. Nd4 Bxd5 53. Nxf5+ Kf6
54. Nxh6 Bb3 55. Ng4+ Kg7 56. Kg5 Bd1 57. h6+ Kh8 58. g7+ Kg8 59. Nf6+ Kf7 60.
g8=Q+ 1-0

[Event "C.to Provinciale PD-RO"]
[Site "Monselice ITA"]
[Date "2008.01.12"]
[Round "2"]
[White "Meggiorin, Orlando"]
[Black "Liberi, Michele"]
[Result "1/2-1/2"]
[WhiteElo "1511"]
[BlackElo "1593"]
[PlyCount "89"]
[EventDate "2008.01.11"]

1. e4 e6 2. d4 d5 3. e5 c5 4. c3 Nc6 5. Nf3 h6 6. a3 Nge7 7. Bd3 Bd7 8. O-O Na5
9. dxc5 Qc7 10. b4 Nac6 11. Bf4 g5 12. Bg3 Bg7 13. Bb5 Nf5 14. Bxc6 Bxc6 15.
Re1 Nxg3 16. hxg3 g4 17. Nd4 h5 18. Nxc6 bxc6 19. Qd4 Qe7 20. Nd2 Qg5 21. Qf4
Bh6 22. Qxg5 Bxg5 23. Nb3 Kd7 24. Rad1 f5 25. c4 f4 26. gxf4 Bxf4 27. g3 Bg5
28. cxd5 cxd5 29. Nd4 Rhe8 30. Kg2 Re7 31. c6+ Kc7 32. Rh1 Rh8 33. Rd3 Ree8 34.
Rc3 a6 35. a4 Bd2 36. Rb3 Rh6 37. b5 axb5 38. axb5 Ba5 39. Ra3 Bb6 40. Nb3 Rf8
41. Ra2 Rf3 42. Rb2 Rh8 43. Rd1 Rhf8 44. Nd4 Bxd4 45. Rxd4 1/2-1/2

[Event "C.to Provinciale PD-RO"]
[Site "Monselice ITA"]
[Date "2008.01.12"]
[Round "2"]
[White "Quaranta, Cristiano"]
[Black "Temporin, Alberto"]
[Result "1-0"]
[WhiteElo "2088"]
[BlackElo "1865"]
[PlyCount "145"]
[EventDate "2008.01.11"]

1. d4 d5 2. Nf3 e6 3. c4 Nf6 4. Nc3 c6 5. e3 Nbd7 6. Ne5 Be7 7. f4 O-O 8. Bd3
dxc4 9. Nxc4 c5 10. O-O cxd4 11. exd4 Nb6 12. Kh1 Nxc4 13. Bxc4 Bd7 14. Be3 Bc6
15. f5 exf5 16. d5 Ng4 17. Bf4 Bc5 18. dxc6 bxc6 19. Qxd8 Raxd8 20. h3 Nf2+ 21.
Kh2 g6 22. Rac1 Rfe8 23. Bg3 Rd2 24. b4 Bb6 25. Bxf2 Bxf2 26. Rfd1 Rxd1 27.
Nxd1 Re1 28. g3 Kg7 29. Bb3 Bb6 30. Rxc6 Re2+ 31. Kh1 g5 32. Rd6 g4 33. hxg4
fxg4 34. Rd7 Re1+ 35. Kg2 Rg1+ 36. Kh2 Rf1 37. Rd2 Rf3 38. Bd5 Rf1 39. Nb2 h5
40. Nc4 Rf2+ 41. Rxf2 Bxf2 42. Ne5 f5 43. Nd3 Be3 44. Nf4 Kh6 45. Ng2 Bf2 46.
b5 Kg5 47. a4 Bb6 48. Nf4 h4 49. Ne6+ Kh5 50. Nf4+ Kg5 51. Ne6+ Kh5 52. gxh4
Kxh4 53. Kg2 Kh5 54. Kg3 Kg6 55. Kf4 Kf6 56. Bc4 Ba5 57. Nc5 Bc7+ 58. Ke3 Bb6
59. Kd4 f4 60. Kd5 Ke7 61. Ne4 g3 62. Bf1 Kd7 63. Bg2 Ke7 64. Nd2 Bf2 65. Nc4
Be3 66. Ke4 Bc1 67. Kd3 Kd7 68. Kc2 Be3 69. Nxe3 fxe3 70. Kd3 Kd6 71. Kxe3 Kc5
72. Bc6 Kb4 73. Kf3 1-0

[Event "C.to Provinciale PD-RO"]
[Site "Monselice ITA"]
[Date "2008.01.12"]
[Round "2"]
[White "Rosina, Graziano"]
[Black "Franco, Alessandro"]
[Result "1/2-1/2"]
[WhiteElo "1776"]
[BlackElo "1679"]
[PlyCount "40"]
[EventDate "2008.01.11"]

1. e4 e6 2. c4 b6 3. Nc3 Bb7 4. d4 Bb4 5. Bd3 Nf6 6. Bg5 h6 7. Bxf6 Qxf6 8. a3
Bxc3+ 9. bxc3 c5 10. Qf3 Qe7 11. Qg3 O-O 12. Ne2 Nc6 13. O-O e5 14. d5 Nb8 15.
f4 d6 16. fxe5 Qxe5 17. Qxe5 dxe5 18. Ng3 g6 19. h4 Nd7 20. h5 Kg7 1/2-1/2